000
00272nam a2200109Ia 4500
008
220204s9999 xx 000 0 und d
082
_a
657.3
_b
GOV
100
_a
Govinda Menon, G
245
0
_a
Estimating
260
_a
Trivandrum
_b
State Inst of Languages
_c
1974
942
_c
BK
999
_c
22821
_d
22821